| 000 -LEADER |
| fixed length control field |
00667cam a22002054a 4500 |
| 020 ## - INTERNATIONAL STANDARD BOOK NUMBER |
| ISBN |
0333969286 |
| 020 ## - INTERNATIONAL STANDARD BOOK NUMBER |
| ISBN |
0333969294 (pbk.) |
| 040 ## - CATALOGING SOURCE |
| Transcribing agency |
DLC |
| 082 00 - DEWEY DECIMAL CLASSIFICATION NUMBER |
| Classification number |
327 DIPL 2002 C275 Or. |
| 100 1# - MAIN ENTRY--AUTHOR NAME |
| Personal name |
Berridge, Geoff. |
| 245 10 - TITLE STATEMENT |
| Title |
Diplomacy : |
| Remainder of title |
theory and practice / |
| 250 ## - EDITION STATEMENT |
| Edition statement |
2nd ed. |
| 260 ## - PUBLICATION, DISTRIBUTION, ETC. (IMPRINT) |
| Place of publication |
Houndmills, Basingstoke, Hampshire ; |
| -- |
New York : |
| Name of publisher |
Palgrave, |
| Year of publication |
2002. |
| 300 ## - PHYSICAL DESCRIPTION |
| Number of Pages |
xv, 234 p. ; |
| Dimensions |
23 cm. |
| 650 #0 - SUBJECT ADDED ENTRY--TOPICAL TERM |
| Topical Term |
Diplomacy. |
| 856 42 - ELECTRONIC LOCATION AND ACCESS |
| Uniform Resource Identifier |
http://www.loc.gov/catdir/bios/hol051/2001052346.html |
| 856 42 - ELECTRONIC LOCATION AND ACCESS |
| Uniform Resource Identifier |
http://www.loc.gov/catdir/description/hol031/2001052346.html |
| 856 41 - ELECTRONIC LOCATION AND ACCESS |
| Uniform Resource Identifier |
http://www.loc.gov/catdir/toc/fy022/2001052346.html |
| 942 ## - ADDED ENTRY ELEMENTS (KOHA) |
| Koha item type |
ADB |
| 952 ## - LOCATION AND ITEM INFORMATION (KOHA) |
| Withdrawn status [LOCAL, KOHA] |
0 |